00386nam a2200169Ia 4500008004100000020001400041050001600055100001800071245002000089245002100109260001300130260001800143260000900161300001600170300002000186300001000206170918s9999 xx 000 0 und d a44022165X bG869ra 1995 aGrisham, John 4aThe rainmaker / cby John Grisham. aCanada : bIsland Books, c1995 a598 pages : billustrations ; c17cm.